000 00442nam a2200121Ia 4500
008 171212s9999 xx 000 0 und d
020 _a9781921666827
245 _ceditor Dinnen, Sinclair;Jowitt, Anita;Newton, Tess
_aA Kind of Mending
_bRestorative Justice in the Pacific Islands
260 _bANU E Press
_c2010
650 _aAnthropology
650 _aRestorative justice -- Pacific Area
856 _uwww.jstor.org/stable/10.2307/j.ctt24hbc4
999 _c350967
_d350967